000 01118nas a2200349 4500
001 BR0205931
003 BR-BrBNA
005 20231205103428.0
007 ta
008 230509b bl.|||p| |||| 00| 00por d
040 _aBR-BrBNA
_bpor
_cBiblioteca Nacional de Agricultura
041 _a(Pt)
072 _aQ03; L73
100 1 _aCastagna, S.M.F.
100 1 _aBessa, M.C.
100 1 _aCarvalho, D.A.
100 1 _aCardoso, M.
100 1 _aCosta, M.
245 1 _aResistência a antimicrobianos de amostras de Salmonella sp. isoladas de suínos abatidos no Estado do Rio Grande do Sul
650 _aSUÍNO
650 _aABATE
650 _aFRIGORÍFICO
650 _aSALMONELOSE
650 _aBACTÉRIA PATOGÊNICA
650 _aTOXICOLOGIA DE ALIMENTO
650 _aPROFILAXIA
650 _aRIO GRANDE DO SUL
650 _aRESISTÊNCIA A PRODUTOS QUÍMICOS
773 0 _tArquivos da Faculdade de Veterinária da Universidade Federal do Rio Grande do Sul (Brazil)
_xISSN 0101-5230
_g(2001), v. 29(1) p. 44-49
_wBR0205931
909 _a202311
_bLúcia
_c55
_dLúcia Elande
942 _2AGRIS
_n0
_cANA
999 _c172809
_d172809